000 01667cai a2200337 4500
001 L156488
008 120529n2012 000 0 eng u
035 _a(Sirsi) u156488
041 0 _aeng
110 _aNational House Building Council
240 _aNHBC
245 _aBuilding control
_byour technical resource for Building Regulations
_h[electronic resource]
260 _a[S.l.]
_bNHBC
_c2012
520 _aBuilding Regulations apply to most new buildings and many alterations of existing buildings in England and Wales, whether for domestic, commercial or industrial use. Compliance is a legal requirement. The Government recently published a range of proposals on changes it wishes to make to reduce the burden that falls on business as a result of regulation within the construction industry. The consultation closed on 27 April 2012. This portal leads to NHBC's responses and the current status of consultations and planned changes to the Building Regulations for England and Wales.
590 _aKA NTK
650 _aNEW HOMES
650 _aSELF BUILD
650 _aBUILDING ACT 1984
650 _aENERGY EFFICIENCY
650 _aBUILDING REGULATIONS PART L
650 _aSTATISTICS
650 _aHOUSING MARKET
650 _aCONTAMINATED LAND
650 0 _aBUILDING REGULATIONS
_96224
650 _aBUILDING CONTROL
_96222
651 4 _aEngland and Wales 1543-
690 _aBuilding control
_96222
690 _aBuilding regulations
_96224
856 4 0 _uhttps://www.nhbc.co.uk/Builders/ProductsandServices/BuildingControl/NHBCTechZone/BuildingRegulations/?pending
_zView the website free of charge at www.nhbc.co.uk
942 _n0
999 _c120984
_d120984